LEADER 00882nam0-22002891i-450- 001 990006503150403321 005 20001010 035 $a000650315 035 $aFED01000650315 035 $a(Aleph)000650315FED01 035 $a000650315 100 $a20001010d--------km-y0itay50------ba 101 0 $aita 105 $ay-------001yy 200 1 $a<>lavoro della Confederazione$eimmagini per la storia del sindacato e del movimento operaio in Italia 1906-1986$fCGIL 210 $aMilano$cMazzotta$d1988. 215 $a358 p. in gran parte illustr. 24 cm 676 $a331.8 710 02$aCGIL$9$0374915 801 0$aIT$bUNINA$gRICA$2UNIMARC 901 $aBK 912 $a990006503150403321 952 $aXIV G 89$b7257$fFSPBC 959 $aFSPBC 996 $aLavoro della Confederazione$9654629 997 $aUNINA DB $aGEN01 LEADER 00782nam0-22002891i-450- 001 990006497910403321 005 20001010 035 $a000649791 035 $aFED01000649791 035 $a(Aleph)000649791FED01 035 $a000649791 100 $a20001010d--------km-y0itay50------ba 101 0 $aita 105 $ay-------001yy 200 1 $aStudies in Israel Law$fGuido (Gad) Tedeschi 210 $aJerusalem$cThe Hebrew University Students' Press$d1960. 215 $aVI, 303 p.$d22 cm 676 $a349.5694 700 1$aTedeschi,$bGuido$0228580 801 0$aIT$bUNINA$gRICA$2UNIMARC 901 $aBK 912 $a990006497910403321 952 $aXIV E 1111$b13693$fFSPBC 959 $aFSPBC 996 $aStudies in Israel Law$9654213 997 $aUNINA DB $aGEN01